Statistics for Countries by Suicide Rate

Click here to take the quiz!

General Stats

  • This quiz has been taken 3,455 times
  • The average score is 17 of 30

Answer Stats

Rank Country % Correct
7Japan
93%
9People's Republic of China
92%
12Russia
90%
2South Korea
79%
30Sweden
76%
19Finland
74%
25Poland
72%
13Ukraine
71%
21France
70%
15Estonia
69%
1Lithuania
69%
8Latvia
69%
5Belarus
65%
14Serbia
61%
6Hungary
60%
24Austria
59%
10Slovenia
58%
28Czech Republic
57%
17Croatia
57%
23South Africa
55%
16Switzerland
53%
20Moldova
53%
18Belgium
52%
29New Zealand
45%
4Kazakhstan
43%
26*Hong Kong
26%
11Sri Lanka
22%
22Uruguay
15%
3Guyana
14%
27Suriname
13%

Score Distribution

Percentile by Number Answered

Percent of People with Each Score

Your Score History

You have not taken this quiz